00709nam a2200205Ia 4500008004100000020001800041082001700059100001900076245007000095250000800165260002500173300001200198500002400210650001500234700001800249942000700267952010600274952010600380999001700486230524s9999 xx 000 0 und d a9788120333055 a658.162bCLO aKenneth E.Clow 0a"Integrated Advertising, Promotion, And Marketing Communications" aIST aNEW DELHIbPHIc2007 aXII;505 aQuantity Number: 2 aManagement a Donald Baack cBK 00104070aTATCLbTATCLcGENd2023-05-24l0o658.162 CLOp30678r2023-05-24w2023-05-24yBKzMBA3102 00104070aTATCLbTATCLcGENd2023-05-24l0o658.162 CLOp30679r2023-05-24w2023-05-24yBKzMBA3102 c43160d43160